000 00814nam a2200205 i 4500
001 161045
003 ES-MaACL
005 20251201163630.0
008 931025m18711872sp f |||| | spa d
100 1 _aOrellana, Francisco José.
_9130679
245 1 0 _aHistoria del general Prim /
_cFrancisco J. Orellana.
260 _aBarcelona :
_bEmpresa Ed. La Ilustración,
_c1871-1872 (
_fEstab. tip. de Jaime Jepús)
300 _a2 v.(804 p., [16] h. de lám.; 1091 p., [21] h. de lám.) ;
_c31 cm.
530 _aDisponible en formato digital.
600 1 4 _aPrim, Juan,
_d1814-1870
_9242561
651 7 _aEspaña-
_xHistoria-
_yS.XIX
_2
_9142005
852 _aES-MaACL
_jG-4882-83
_z-- Enc. hol.
856 _uhttp://bdh-rd.bne.es/viewer.vm?id=0000062021&page=1
_zBiblioteca Digital Hispánica
999 _c161045
_d161045